[Event "LSS No Engine Cup 185 Preliminary 0"]
[Site "LSS email"]
[Date "2018.12.28"]
[Round "?"]
[White "Boni, Roberto"]
[Black "Ortiz, Juan Guillermo"]
[Result "1-0"]
[WhiteElo "1940"]
[BlackElo "1044"]
[PlyCount "69"]
[EventDate "2018.12.29"]
[EventType "tourn (corr)"]
[EventRounds "6"]
[EventCountry "GER"]
[SourceTitle "Corr 2022"]
[Source "ChessBase"]
[SourceDate "2021.10.24"]
[SourceVersion "1"]
[SourceVersionDate "2021.10.24"]
[SourceQuality "1"]

1. e4 e5 2. Nf3 Nc6 3. Bc4 h6 4. 0-0 Nf6 5. Re1 d6 6. c3 g6 7. Qb3 Qd7 8. d4 Bg7 9. Nbd2 Na5 10. Qc2 exd4 11. e5 Ng4 12. exd6+ Kf8 13. Re7 Qxe7 14. dxe7+ Kxe7 15. Qe4+ Kf8 16. Nxd4 Bf5 17. Qd5 Nxc4 18. Nxc4 Re8 19. Be3 Be4 20. Qc5+ Re7 21. Re1 Bf6 22. f3 b6 23. Qa3 Nxh2 24. Kxh2 c5 25. Nb5 Bd5 26. Ncd6 a5 27. b4 Be5+ 28. Kh3 Be6+ 29. Kh4 g5+ 30. Kh5 f5 31. bxc5 Rg7 32. cxb6 Ke7 33. Nxf5+ Kf6 34. Nxg7 Bf7+ 35. Kg4 1-0

[Event "LSS No Engine Cup 185 Preliminary 0"]
[Site "LSS email"]
[Date "2018.12.28"]
[Round "?"]
[White "Ortiz, Juan Guillermo"]
[Black "Obrien, Glenn"]
[Result "0-1"]
[WhiteElo "1044"]
[BlackElo "1616"]
[PlyCount "40"]
[EventDate "2018.12.29"]
[EventType "tourn (corr)"]
[EventRounds "6"]
[EventCountry "GER"]
[SourceTitle "Corr 2022"]
[Source "ChessBase"]
[SourceDate "2021.10.24"]
[SourceVersion "1"]
[SourceVersionDate "2021.10.24"]
[SourceQuality "1"]

1. e4 e5 2. Nf3 Nc6 3. d4 exd4 4. Nxd4 Bc5 5. Be3 Qf6 6. c3 Nge7 7. Be2 d5 8. Qd3 Bxd4 9. cxd4 dxe4 10. Qb5 0-0 11. 0-0 Nxd4 12. Qc4 Nxe2+ 13. Qxe2 Nd5 14. Nc3 Nxc3 15. bxc3 Qxc3 16. Rac1 Qe5 17. Rc5 Qe7 18. Qh5 g6 19. Qh6 b6 20. Bd4 f6 0-1

[Event "LSS No Engine Cup 185 Preliminary 0"]
[Site "LSS email"]
[Date "2018.12.28"]
[Round "?"]
[White "Ortiz, Juan Guillermo"]
[Black "Rost, Bernd"]
[Result "0-1"]
[WhiteElo "1044"]
[BlackElo "1600"]
[PlyCount "30"]
[EventDate "2018.12.29"]
[EventType "tourn (corr)"]
[EventRounds "6"]
[EventCountry "GER"]
[SourceTitle "Corr 2022"]
[Source "ChessBase"]
[SourceDate "2021.10.24"]
[SourceVersion "1"]
[SourceVersionDate "2021.10.24"]
[SourceQuality "1"]

1. e4 e5 2. Nf3 Nc6 3. Bc4 Nf6 4. d3 Be7 5. Nc3 d6 6. 0-0 Na5 7. b4 Nxc4 8. dxc4 Be6 9. c5 dxc5 10. bxc5 Bxc5 11. Qxd8+ Rxd8 12. Bg5 h6 13. Be3 Bb4 14. Na4 Nxe4 15. Nxe5 Nc3 0-1

[Event "LSS No Engine Cup 185 Preliminary 0"]
[Site "LSS email"]
[Date "2018.12.28"]
[Round "?"]
[White "Potapov, Evgeniy"]
[Black "Ortiz, Juan Guillermo"]
[Result "1-0"]
[WhiteElo "1883"]
[BlackElo "1044"]
[PlyCount "21"]
[EventDate "2018.12.29"]
[EventType "tourn (corr)"]
[EventRounds "6"]
[EventCountry "GER"]
[SourceTitle "Corr 2022"]
[Source "ChessBase"]
[SourceDate "2021.10.24"]
[SourceVersion "1"]
[SourceVersionDate "2021.10.24"]
[SourceQuality "1"]

1. e4 e5 2. Nf3 d6 3. d4 exd4 4. Nxd4 Nc6 5. Nc3 g6 6. Be3 Be7 7. Bc4 Be6 8. Nxe6 fxe6 9. Bxe6 Nf6 10. 0-0 Ne5 11. f4 1-0

[Event "OP-2018-0-04684"]
[Site "LSS email"]
[Date "2018.12.04"]
[Round "?"]
[White "Ortiz, Juan Guillermo"]
[Black "Novakova, Jana"]
[Result "0-1"]
[WhiteElo "428"]
[BlackElo "800"]
[PlyCount "34"]
[EventDate "2018.11.26"]
[EventType "tourn (corr)"]
[EventRounds "4"]
[EventCountry "GER"]
[SourceTitle "Corr 2022"]
[Source "ChessBase"]
[SourceDate "2021.10.24"]
[SourceVersion "1"]
[SourceVersionDate "2021.10.24"]
[SourceQuality "1"]

1. e4 e5 2. Nf3 Nc6 3. Bc4 h6 4. d4 exd4 5. Nxd4 Nxd4 6. Qxd4 Be7 7. 0-0 Nf6 8. Nc3 0-0 9. e5 Nh7 10. Be3 b6 11. Bd3 Ng5 12. Qg4 d5 13. Qg3 Be6 14. Bd4 c5 15. f4 Ne4 16. Nxe4 dxe4 17. Bxe4 Qxd4+ 0-1

[Event "SN-2018-0-00952"]
[Site "LSS email"]
[Date "2018.12.03"]
[Round "?"]
[White "Ortiz, Juan Guillermo"]
[Black "Kuttner, Jaromir"]
[Result "1-0"]
[WhiteElo "436"]
[BlackElo "897"]
[PlyCount "43"]
[EventDate "2018.11.04"]
[EventType "tourn (corr)"]
[EventRounds "6"]
[EventCountry "GER"]
[SourceTitle "Corr 2022"]
[Source "ChessBase"]
[SourceDate "2021.10.24"]
[SourceVersion "1"]
[SourceVersionDate "2021.10.24"]
[SourceQuality "1"]

1. e4 d5 2. exd5 Qxd5 3. Nc3 Qa5 4. Nf3 Nf6 5. a3 Bf5 6. b4 Bxc2 7. Qxc2 Qh5 8. Be2 Qg6 9. Qxg6 hxg6 10. 0-0 e6 11. Bb5+ c6 12. Ba4 b5 13. Bb3 Bd6 14. d4 Nbd7 15. Ne2 Ke7 16. Bg5 Nb6 17. Rac1 Rac8 18. Rc3 Nbd5 19. Bxd5 cxd5 20. h3 Kd7 21. Nd2 Rh5 22. f4 1-0

[Event "ZN-2018-0-03887"]
[Site "LSS email"]
[Date "2018.11.27"]
[Round "?"]
[White "Venturas, Bob"]
[Black "Ortiz, Juan Guillermo"]
[Result "1-0"]
[WhiteElo "660"]
[BlackElo "433"]
[PlyCount "109"]
[EventDate "2018.11.20"]
[EventType "match (corr)"]
[EventRounds "2"]
[EventCountry "GER"]
[SourceTitle "Corr 2022"]
[Source "ChessBase"]
[SourceDate "2021.10.24"]
[SourceVersion "1"]
[SourceVersionDate "2021.10.24"]
[SourceQuality "1"]

1. e4 e5 2. Nf3 Nc6 3. h3 Nf6 4. Nc3 g6 5. Bc4 h6 6. d4 exd4 7. Nxd4 Bg7 8. 0-0 0-0 9. Re1 d6 10. Be3 d5 11. exd5 Ne5 12. Bb3 c5 13. a3 cxd4 14. Bxd4 Nfd7 15. Qd2 b6 16. f4 Nf3+ 17. gxf3 Qh4 18. Bxg7 Kxg7 19. Re4 Qg3+ 20. Qg2 Qxg2+ 21. Kxg2 Nc5 22. Re7 Nxb3 23. cxb3 Bf5 24. b4 Kf6 25. d6 h5 26. Nd5+ Kg7 27. Rc1 Be6 28. Ne3 Rad8 29. Rd1 Bb3 30. Rd2 Kf6 31. Rxa7 Be6 32. Nd5+ Bxd5 33. Rxd5 Ke6 34. Rd4 Rxd6 35. Rxd6+ Kxd6 36. b5 Kc5 37. a4 Kb4 38. a5 bxa5 39. b6 Rb8 40. Rxf7 Rxb6 41. Kg3 Kb3 42. Ra7 a4 43. Kh4 Kc2 44. Rxa4 Rxb2 45. Ra6 g5+ 46. fxg5 Rb4+ 47. Kg3 h4+ 48. Kg2 Rb7 49. g6 Rg7 50. f4 Kd3 51. f5 Ke4 52. Rf6 Ke5 53. Rf7 Rxf7 54. gxf7 Kf6 55. f8Q+ 1-0

[Event "RN-2018-0-01482"]
[Site "LSS email"]
[Date "2018.11.13"]
[Round "?"]
[White "Ortiz, Juan Guillermo"]
[Black "Bester, Kazimierz"]
[Result "0-1"]
[WhiteElo "417"]
[BlackElo "677"]
[PlyCount "56"]
[EventDate "2018.10.28"]
[EventType "tourn (corr)"]
[EventRounds "6"]
[EventCountry "GER"]
[SourceTitle "Corr 2022"]
[Source "ChessBase"]
[SourceDate "2021.10.24"]
[SourceVersion "1"]
[SourceVersionDate "2021.10.24"]
[SourceQuality "1"]

1. e4 d5 2. exd5 Qxd5 3. Nc3 Qa5 4. a3 Nc6 5. d4 Bf5 6. Nf3 0-0-0 7. Be2 e5 8. d5 Nb4 9. Bd3 Bxd3 10. cxd3 Nxd5 11. 0-0 Bd6 12. Bd2 Nb6 13. b4 Qa6 14. b5 Qa5 15. a4 Bb4 16. Ne4 Bxd2 17. Nfxd2 Rxd3 18. Qc2 Rd8 19. Nc4 Nxc4 20. Qxc4 Nh6 21. Rfc1 Rd4 22. Qxc7+ Qxc7 23. Rxc7+ Kxc7 24. Rc1+ Kb6 25. Nc3 Rhd8 26. g3 f5 27. h3 g5 28. Kg2 e4 0-1

[Event "RN-2018-0-01478"]
[Site "LSS email"]
[Date "2018.10.28"]
[Round "?"]
[White "Cherry, Brian"]
[Black "Ortiz, Juan Guillermo"]
[Result "0-1"]
[WhiteElo "363"]
[BlackElo "420"]
[PlyCount "76"]
[EventDate "2018.10.18"]
[EventType "tourn (corr)"]
[EventRounds "6"]
[EventCountry "GER"]
[SourceTitle "Corr 2022"]
[Source "ChessBase"]
[SourceDate "2021.10.24"]
[SourceVersion "1"]
[SourceVersionDate "2021.10.24"]
[SourceQuality "1"]

1. e4 e5 2. Nf3 Nc6 3. Bb5 d6 4. Bxc6+ bxc6 5. d4 Qe7 6. Nc3 Ba6 7. dxe5 dxe5 8. Be3 Rd8 9. Nd2 c5 10. Qf3 Nf6 11. 0-0-0 g6 12. Kb1 Bg7 13. Nb3 0-0 14. Na5 Rxd1+ 15. Qxd1 Qd6 16. Nb3 Qxd1+ 17. Rxd1 Ng4 18. Bxc5 Ra8 19. h3 Nh6 20. a3 f5 21. exf5 Nxf5 22. g4 Nh4 23. Nd5 Rd8 24. Nf6+ Bxf6 25. Rxd8+ Bxd8 26. Bxa7 c6 27. Be3 Ng2 28. Nc5 Bf1 29. Bd2 Nh4 30. a4 Bxh3 31. a5 Bxg4 32. a6 Bb6 33. Nd7 Bxd7 34. Be3 c5 35. b4 Bc6 36. b5 Bd5 37. Kc1 Nf5 38. Bg5 Nd4 0-1

[Event "RN-2018-0-01477"]
[Site "LSS email"]
[Date "2018.10.28"]
[Round "?"]
[White "Venturas, Bob"]
[Black "Ortiz, Juan Guillermo"]
[Result "1-0"]
[WhiteElo "615"]
[BlackElo "409"]
[PlyCount "49"]
[EventDate "2018.10.13"]
[EventType "tourn (corr)"]
[EventRounds "6"]
[EventCountry "GER"]
[SourceTitle "Corr 2022"]
[Source "ChessBase"]
[SourceDate "2021.10.24"]
[SourceVersion "1"]
[SourceVersionDate "2021.10.24"]
[SourceQuality "1"]

1. e4 e5 2. Nf3 Nc6 3. h3 d6 4. Bc4 h6 5. 0-0 Nf6 6. Nc3 g6 7. d4 Qe7 8. Bb5 a6 9. Bxc6+ bxc6 10. Be3 Bg7 11. d5 c5 12. Nh2 0-0 13. f4 exf4 14. Rxf4 Nh5 15. Rf1 Nf6 16. Qf3 Qe5 17. Rad1 Bd7 18. Bf4 Qe7 19. Qe3 Bb5 20. Rf2 Nh5 21. Bxh6 Qe5 22. Ng4 Bxh6 23. Qxh6 Qg7 24. Qg5 Ng3 25. Nf6+ 1-0

[Event "RN-2018-0-01474"]
[Site "LSS email"]
[Date "2018.10.19"]
[Round "?"]
[White "Ortiz, Juan Guillermo"]
[Black "Kuttner, Jaromir"]
[Result "0-1"]
[WhiteElo "413"]
[BlackElo "803"]
[PlyCount "64"]
[EventDate "2018.09.26"]
[EventType "tourn (corr)"]
[EventRounds "6"]
[EventCountry "GER"]
[SourceTitle "Corr 2022"]
[Source "ChessBase"]
[SourceDate "2021.10.24"]
[SourceVersion "1"]
[SourceVersionDate "2021.10.24"]
[SourceQuality "1"]

1. e4 d5 2. exd5 Qxd5 3. Nc3 Qa5 4. a3 Nf6 5. b4 Qe5+ 6. Nge2 Bg4 7. d4 Qe6 8. f3 Bh5 9. Qd3 Nc6 10. Bb2 0-0-0 11. 0-0-0 Bg6 12. Qb5 a6 13. Qa4 Qe3+ 14. Kb1 e6 15. b5 Nxd4 16. bxa6 Bxc2+ 17. Qxc2 Nxc2 18. Rxd8+ Kxd8 19. axb7 Nxa3+ 20. Bxa3 Qb6+ 21. Kc2 Qxb7 22. Bb2 Bb4 23. Nf4 Ke7 24. Na2 Ba5 25. Be2 Rb8 26. Ba3+ Ke8 27. Bc4 Nd7 28. Kd3 Ne5+ 29. Kd4 Nc6+ 30. Ke3 Bb6+ 31. Kd3 Ne5+ 32. Kc3 Ba5+ 0-1

[Event "SN-2018-0-00944"]
[Site "LSS email"]
[Date "2018.10.04"]
[Round "?"]
[White "Ortiz, Juan Guillermo"]
[Black "Lombardi, Donato"]
[Result "0-1"]
[WhiteElo "421"]
[BlackElo "725"]
[PlyCount "48"]
[EventDate "2018.08.30"]
[EventType "tourn (corr)"]
[EventRounds "6"]
[EventCountry "GER"]
[SourceTitle "Corr 2022"]
[Source "ChessBase"]
[SourceDate "2021.10.24"]
[SourceVersion "1"]
[SourceVersionDate "2021.10.24"]
[SourceQuality "1"]

1. e4 e6 2. d3 d5 3. e5 c5 4. Nf3 Nc6 5. Bg5 Be7 6. Bxe7 Ngxe7 7. Be2 0-0 8. d4 cxd4 9. Nxd4 Nxe5 10. 0-0 N7c6 11. Nc3 Bd7 12. g3 Qb6 13. b3 Qxd4 14. Qxd4 Nxd4 15. Bd3 Rac8 16. Na4 Bxa4 17. bxa4 Nxd3 18. cxd3 Rc3 19. Rfd1 Rfc8 20. Kg2 Rc2 21. h4 Re2 22. a5 Rcc2 23. Rf1 Nf5 24. a4 Ne3+ 0-1

[Event "RN-2018-0-01471"]
[Site "LSS email"]
[Date "2018.10.01"]
[Round "?"]
[White "Bortnicker, Justin"]
[Black "Ortiz, Juan Guillermo"]
[Result "1-0"]
[WhiteElo "898"]
[BlackElo "419"]
[PlyCount "55"]
[EventDate "2018.09.13"]
[EventType "tourn (corr)"]
[EventRounds "6"]
[EventCountry "GER"]
[SourceTitle "Corr 2022"]
[Source "ChessBase"]
[SourceDate "2021.10.24"]
[SourceVersion "1"]
[SourceVersionDate "2021.10.24"]
[SourceQuality "1"]

1. e4 e5 2. Nf3 d6 3. Nc3 Nf6 4. Bc4 g6 5. Ng5 Be6 6. Bxe6 fxe6 7. Nxe6 Qe7 8. Ng5 Bg7 9. d3 h6 10. Nf3 0-0 11. Be3 Nc6 12. 0-0 a6 13. a4 Ng4 14. Bd2 Nd4 15. Nxd4 exd4 16. Nd5 Qe5 17. Qxg4 g5 18. Nxc7 Rac8 19. Ne6 Rf7 20. Nxg7 Rcf8 21. Nf5 Qe6 22. Qh5 Rf6 23. Nxd4 Qe5 24. Bc3 Qc5 25. Nf5 Kh7 26. Bxf6 Rxf6 27. Qe8 d5 28. Qd7+ 1-0

[Event "RN-2018-0-01471"]
[Site "LSS email"]
[Date "2018.10.01"]
[Round "?"]
[White "Ortiz, Juan Guillermo"]
[Black "Vontina, Maria"]
[Result "0-1"]
[WhiteElo "419"]
[BlackElo "826"]
[PlyCount "108"]
[EventDate "2018.09.13"]
[EventType "tourn (corr)"]
[EventRounds "6"]
[EventCountry "GER"]
[SourceTitle "Corr 2022"]
[Source "ChessBase"]
[SourceDate "2021.10.24"]
[SourceVersion "1"]
[SourceVersionDate "2021.10.24"]
[SourceQuality "1"]

1. e4 e6 2. e5 d5 3. d4 c5 4. Bb5+ Bd7 5. Bxd7+ Nxd7 6. Nf3 Qb6 7. 0-0 Ne7 8. b3 Ng6 9. Bb2 Be7 10. a4 0-0 11. Nbd2 Rfc8 12. c4 cxd4 13. Bxd4 Qc6 14. cxd5 exd5 15. Qe2 Bb4 16. Ng5 Ndf8 17. Ndf3 Ne6 18. Nxe6 fxe6 19. g3 Qd7 20. Qb5 Qxb5 21. axb5 h6 22. h4 a5 23. h5 Ne7 24. Nh4 Rc2 25. Ng6 Nxg6 26. hxg6 Rac8 27. Kg2 Bc3 28. Bxc3 R2xc3 29. Rxa5 Rxb3 30. Rd1 b6 31. Ra7 Rxb5 32. Re7 Rbc5 33. Rxe6 b5 34. f4 Kf8 35. Rd6 b4 36. R1xd5 Rxd5 37. Rb6 Rd4 38. Kf1 Rc7 39. Rb8+ Ke7 40. Ke2 Rdc4 41. Kd3 Ke6 42. Re8+ Kf5 43. Rf8+ Kxg6 44. Rd8 Rc3+ 45. Ke4 Kf7 46. Rd6 g6 47. Rf6+ Kg7 48. Rb6 b3 49. Kd5 Rxg3 50. Kd6 Rgc3 51. Ke6 R3c6+ 52. Rxc6 Rxc6+ 53. Kd5 Rc8 54. Kd6 b2 0-1

[Event "RN-2018-0-01469"]
[Site "LSS email"]
[Date "2018.09.22"]
[Round "?"]
[White "Venturas, Bob"]
[Black "Ortiz, Juan Guillermo"]
[Result "1-0"]
[WhiteElo "627"]
[BlackElo "421"]
[PlyCount "55"]
[EventDate "2018.09.07"]
[EventType "tourn (corr)"]
[EventRounds "6"]
[EventCountry "GER"]
[SourceTitle "Corr 2022"]
[Source "ChessBase"]
[SourceDate "2021.10.24"]
[SourceVersion "1"]
[SourceVersionDate "2021.10.24"]
[SourceQuality "1"]

1. e4 e5 2. Nf3 Nc6 3. Bc4 d6 4. h3 h6 5. 0-0 Nf6 6. Nc3 g6 7. d4 Bg7 8. dxe5 Nh7 9. Bf4 0-0 10. Qd2 Be6 11. Bd3 dxe5 12. Bxh6 Nd4 13. Bxg7 Kxg7 14. Nxe5 f6 15. Nc4 b6 16. e5 f5 17. f4 c5 18. Nd6 Qd7 19. Bb5 Nxb5 20. Ncxb5 Rad8 21. Qc3 Qc6 22. Nd4 Qd5 23. N4b5 Rd7 24. Rfd1 Qc6 25. Qd3 c4 26. Qg3 a6 27. Nd4 Qc5 28. Kh2 1-0

[Event "RN-2018-0-01469"]
[Site "LSS email"]
[Date "2018.09.21"]
[Round "?"]
[White "Ortiz, Juan Guillermo"]
[Black "Neuhausen, Rainer"]
[Result "0-1"]
[WhiteElo "421"]
[BlackElo "914"]
[PlyCount "82"]
[EventDate "2018.09.07"]
[EventType "tourn (corr)"]
[EventRounds "6"]
[EventCountry "GER"]
[SourceTitle "Corr 2022"]
[Source "ChessBase"]
[SourceDate "2021.10.24"]
[SourceVersion "1"]
[SourceVersionDate "2021.10.24"]
[SourceQuality "1"]

1. e4 c5 2. Nc3 Nc6 3. Bb5 d6 4. d3 Bd7 5. Nf3 Nf6 6. Bg5 e6 7. 0-0 Be7 8. d4 0-0 9. d5 exd5 10. exd5 Nb8 11. a4 a6 12. Bxd7 Nbxd7 13. Na2 h6 14. Bxf6 Bxf6 15. c3 Ne5 16. Nxe5 Bxe5 17. g3 b5 18. Nc1 b4 19. Nd3 bxc3 20. bxc3 Bxc3 21. Ra3 Bd4 22. Nf4 Qf6 23. Nh5 Qg5 24. h4 Qxd5 25. Qg4 Rae8 26. Nf4 Qe4 27. Rd3 Qe7 28. Nd5 Qe6 29. Qxe6 Rxe6 30. Nc7 Re2 31. Nxa6 Ra8 32. Nc7 Rxa4 33. Nb5 Be5 34. Nc3 Bxc3 35. Rxc3 Raa2 36. h5 Kf8 37. Rf3 c4 38. Kh2 d5 39. g4 d4 40. Rf4 Rad2 41. Kg3 c3 0-1

[Event "SN-2018-0-00938"]
[Site "LSS email"]
[Date "2018.08.18"]
[Round "?"]
[White "Ortiz, Juan Guillermo"]
[Black "Hughes, Peter James"]
[Result "1-0"]
[WhiteElo "427"]
[BlackElo "527"]
[PlyCount "53"]
[EventDate "2018.07.17"]
[EventType "tourn (corr)"]
[EventRounds "6"]
[EventCountry "GER"]
[SourceTitle "Corr 2022"]
[Source "ChessBase"]
[SourceDate "2021.10.24"]
[SourceVersion "1"]
[SourceVersionDate "2021.10.24"]
[SourceQuality "1"]

1. e4 e5 2. Nf3 Nc6 3. Nc3 Bb4 4. a3 Bc5 5. b4 Bb6 6. Nd5 Nge7 7. Nxb6 axb6 8. Bb2 0-0 9. Bc4 Ng6 10. 0-0 Nf4 11. g3 Nh3+ 12. Kg2 d6 13. d4 Bg4 14. Qd3 Ng5 15. Nxg5 Qxg5 16. h4 Qe7 17. c3 exd4 18. cxd4 Na7 19. b5 Qd7 20. Rh1 c6 21. bxc6 bxc6 22. d5 b5 23. Bb3 cxd5 24. Bxd5 Rac8 25. Qd4 Rc2 26. Bc3 Rc8 27. Qxg7# 1-0

[Event "SN-2018-0-00938"]
[Site "LSS email"]
[Date "2018.08.17"]
[Round "?"]
[White "Ortiz, Juan Guillermo"]
[Black "Venturas, Bob"]
[Result "0-1"]
[WhiteElo "427"]
[BlackElo "695"]
[PlyCount "62"]
[EventDate "2018.07.17"]
[EventType "tourn (corr)"]
[EventRounds "6"]
[EventCountry "GER"]
[SourceTitle "Corr 2022"]
[Source "ChessBase"]
[SourceDate "2021.10.24"]
[SourceVersion "1"]
[SourceVersionDate "2021.10.24"]
[SourceQuality "1"]

1. e4 e5 2. Nf3 Nc6 3. Bc4 Nf6 4. d3 h6 5. Nc3 Bc5 6. h3 0-0 7. 0-0 d6 8. Nh4 Nxe4 9. Nxe4 Bb6 10. Qh5 d5 11. Bxd5 Qxd5 12. Nf5 Bxf5 13. Qxf5 Rae8 14. Bxh6 Re6 15. Be3 Nd4 16. Bxd4 Bxd4 17. Ng5 Rh6 18. Kh2 Qd6 19. g3 Qd5 20. c4 Qc6 21. Rab1 f6 22. Ne6 Rf7 23. Nxd4 exd4 24. b4 a6 25. b5 axb5 26. cxb5 Qd6 27. Qc8+ Rf8 28. Qxb7 f5 29. a4 f4 30. g4 f3+ 31. Kg1 Rxh3 0-1

[Event "SN-2018-0-00938"]
[Site "LSS email"]
[Date "2018.08.16"]
[Round "?"]
[White "Molina, Vicente Andres"]
[Black "Ortiz, Juan Guillermo"]
[Result "1-0"]
[WhiteElo "658"]
[BlackElo "427"]
[PlyCount "45"]
[EventDate "2018.07.17"]
[EventType "tourn (corr)"]
[EventRounds "6"]
[EventCountry "GER"]
[SourceTitle "Corr 2022"]
[Source "ChessBase"]
[SourceDate "2021.10.24"]
[SourceVersion "1"]
[SourceVersionDate "2021.10.24"]
[SourceQuality "1"]

1. e4 e5 2. Nf3 Nc6 3. Bb5 Bd6 4. d4 a6 5. Ba4 b5 6. Bb3 Nf6 7. Bg5 0-0 8. dxe5 Nxe5 9. Nxe5 Bxe5 10. c3 Bb7 11. Nd2 Qe8 12. 0-0 d5 13. exd5 Nxd5 14. Nf3 c6 15. Nxe5 Qxe5 16. Qg4 g6 17. Bh6 Bc8 18. Qh4 Re8 19. f4 Qe4 20. Bxd5 Qf5 21. Bf3 Ra7 22. g4 Qe6 23. Rae1 1-0

[Event "RN-2018-0-01450"]
[Site "LSS email"]
[Date "2018.07.08"]
[Round "?"]
[White "Kuttner, Jaromir"]
[Black "Ortiz, Juan Guillermo"]
[Result "1-0"]
[WhiteElo "966"]
[BlackElo "447"]
[PlyCount "55"]
[EventDate "2018.06.23"]
[EventType "tourn (corr)"]
[EventRounds "6"]
[EventCountry "GER"]
[SourceTitle "Corr 2022"]
[Source "ChessBase"]
[SourceDate "2021.10.24"]
[SourceVersion "1"]
[SourceVersionDate "2021.10.24"]
[SourceQuality "1"]

1. e4 e5 2. Nf3 d6 3. Bc4 h6 4. 0-0 Nf6 5. d4 g6 6. dxe5 Nxe4 7. Re1 Bf5 8. exd6 Bxd6 9. Nc3 Qe7 10. Nd2 0-0 11. Ncxe4 Qe5 12. Ng3 Qc5 13. Qf3 c6 14. Nxf5 Qxf5 15. Qxf5 gxf5 16. Nf3 Kh7 17. Ne5 f6 18. Nf7 Bc7 19. Nxh6 Bd6 20. Nxf5 Bc5 21. Re4 b5 22. Rh4+ Kg6 23. Bd3 Kf7 24. Bf4 Nd7 25. c4 b4 26. Re1 a5 27. Rh7+ Kg8 28. Nh6# 1-0

[Event "RN-2018-0-01450"]
[Site "LSS email"]
[Date "2018.07.08"]
[Round "?"]
[White "Ortiz, Juan Guillermo"]
[Black "Bortnicker, Justin"]
[Result "0-1"]
[WhiteElo "447"]
[BlackElo "822"]
[PlyCount "48"]
[EventDate "2018.06.23"]
[EventType "tourn (corr)"]
[EventRounds "6"]
[EventCountry "GER"]
[SourceTitle "Corr 2022"]
[Source "ChessBase"]
[SourceDate "2021.10.24"]
[SourceVersion "1"]
[SourceVersionDate "2021.10.24"]
[SourceQuality "1"]

1. e4 c5 2. Bc4 e6 3. Nf3 d5 4. exd5 exd5 5. Qe2+ Be7 6. Bb5+ Bd7 7. 0-0 Nc6 8. c3 a6 9. Bxc6 bxc6 10. d4 cxd4 11. Nxd4 c5 12. Nf3 h6 13. Nbd2 Nf6 14. b4 cxb4 15. cxb4 0-0 16. a3 Re8 17. Bb2 Bxb4 18. axb4 Rxe2 19. g3 Bg4 20. Kg2 Bxf3+ 21. Nxf3 Rxb2 22. Nd4 Qd6 23. Nf5 Qxb4 24. h4 Qe4+ 0-1

[Event "ZN-2018-0-03818"]
[Site "LSS email"]
[Date "2018.07.08"]
[Round "?"]
[White "Venturas, Bob"]
[Black "Ortiz, Juan Guillermo"]
[Result "1-0"]
[WhiteElo "633"]
[BlackElo "447"]
[PlyCount "79"]
[EventDate "2018.06.25"]
[EventType "match (corr)"]
[EventRounds "2"]
[EventCountry "GER"]
[SourceTitle "Corr 2022"]
[Source "ChessBase"]
[SourceDate "2021.10.24"]
[SourceVersion "1"]
[SourceVersionDate "2021.10.24"]
[SourceQuality "1"]

1. e4 e5 2. Nf3 d6 3. h3 Nc6 4. a3 Nf6 5. Nc3 h6 6. Bc4 g6 7. d4 Bg7 8. Bb5 0-0 9. d5 Na5 10. Nh2 a6 11. Ba4 b5 12. Bb3 Nxb3 13. cxb3 Qd7 14. 0-0 Bb7 15. f4 c6 16. fxe5 dxe5 17. Be3 cxd5 18. exd5 Qd6 19. Qe2 Nxd5 20. Nxd5 Qxd5 21. Nf3 Qxb3 22. Bc5 Rfe8 23. Kh1 Bxf3 24. Rxf3 Qd5 25. b4 e4 26. Rff1 Bxa1 27. Rxa1 Rac8 28. Qe3 Kh7 29. Rf1 Re5 30. Rc1 Qa2 31. Rf1 f5 32. Bd4 Rd5 33. Bc5 Rd3 34. Qf2 Qxa3 35. Qf4 Qb2 36. Qh4 Re8 37. Qf4 Rd7 38. Be3 g5 39. Qxf5+ Kg8 40. Qxd7 1-0

[Event "RN-2018-0-01425"]
[Site "LSS email"]
[Date "2018.04.09"]
[Round "?"]
[White "Ortiz, Juan Guillermo"]
[Black "Czaban, Tomasz"]
[Result "1-0"]
[WhiteElo "449"]
[BlackElo "488"]
[PlyCount "47"]
[EventDate "2018.03.30"]
[EventType "tourn (corr)"]
[EventRounds "6"]
[EventCountry "GER"]
[SourceTitle "Corr 2022"]
[Source "ChessBase"]
[SourceDate "2021.10.24"]
[SourceVersion "1"]
[SourceVersionDate "2021.10.24"]
[SourceQuality "1"]

1. e4 e5 2. Nf3 Nc6 3. Bc4 h6 4. Nc3 Bc5 5. 0-0 Nf6 6. h3 d6 7. d3 Nd4 8. Nxd4 Bxd4 9. Nd5 Nxd5 10. Bxd5 0-0 11. c3 Bb6 12. Qf3 Qe7 13. Qg3 Qf6 14. Be3 c5 15. f4 exf4 16. Rxf4 Qe7 17. d4 Rb8 18. a3 Be6 19. Bxe6 fxe6 20. Rg4 g5 21. h4 Kh7 22. hxg5 hxg5 23. Rxg5 Rf6 24. Rh5+ 1-0